LEADER 02077oam 2200445 a 450 001 9910699129203321 005 20230902162211.0 035 $a(CKB)5470000002400606 035 $a(OCoLC)459742035 035 $a(EXLCZ)995470000002400606 100 $a20091103d2009 ua 0 101 0 $aeng 135 $aurmn||||||||| 181 $ctxt$2rdacontent 182 $cc$2rdamedia 183 $acr$2rdacarrier 200 10$aCapability of the People's Republic of China to conduct cyber warfare and computer network exploitation$b[electronic resource] /$fprepared for the US-China Economic and Security Review Commission ; principal author, Bryan Krekel 210 1$aMcLean, VA :$cNorthrop Grumman Corp., Information Systems Sector,$d[2009] 215 $a1 online resource (88 pages) $ccolor illustrations 300 $aTitle from PDF title page (USCC.gov, viewed Nov. 3, 2009). 300 $a"October 9, 2009." 320 $aIncludes bibliographical references. 327 $aExecutive summary -- Chinese computer network operations strategy -- Chinese computer network operations during conflict -- Key entities in Chinese computer network operations -- Cyber-espionage -- Operational profile of an advanced cyber intrusion -- Timeline of significant Chinese related cyber events 1999-present -- Chronology of alleged Chinese computer network exploitation events targeting US and foreign networks. 606 $aInformation warfare$zChina 606 $aComputer networks$zChina 607 $aChina$xMilitary policy 615 0$aInformation warfare 615 0$aComputer networks 700 $aKrekel$b Bryan A$01400739 712 02$aU.S.-China Economic and Security Review Commission. 712 02$aNorthrop Grumman Corporation.$bInformation Systems Sector. 801 0$bAWC 801 1$bAWC 801 2$bDLC 801 2$bSEN 801 2$bGPO 906 $aBOOK 912 $a9910699129203321 996 $aCapability of the People's Republic of China to conduct cyber warfare and computer network exploitation$93468212 997 $aUNINA